000 00296nam a2200121Ia 4500
008 190216s9999||||xx |||||||||||||| ||und||
100 _aDeshpande.V.D
245 0 _aPhysical Chemistry Of Macromolecules
260 _bVishal Publcations
_c1985
300 _a248p
650 _aChemistry
942 _cBK
999 _c2630
_d2630